LEADER 01358nam0-2200421---450- 001 990000769640203316 005 20081125162717.0 010 $a88-350-7685-4 035 $a0076964 035 $aUSA010076964 035 $a(ALEPH)000076964USA01 035 $a0076964 100 $a20011123h1985----km-y0itay50------ba 101 0 $aita 102 $aIT 105 $aa|||z|||001yy 200 1 $aDidattica e computer$equando e come il computer nella scuola$fPaolo Lollini 210 $aBrescia$cLa scuola$dcopyr. 1985 215 $a269 p.$cill.$d22 cm 225 2 $aInformatica e didattica 410 0$12001$aInformatica e didattica 606 0 $aDidattica$xImpiego [degli] Elaboratori$2BNCF 676 $a371.39445 700 1$aLOLLINI,$bPaolo$0482510 801 0$aIT$bsalbc$gISBD 912 $a990000769640203316 951 $aII.4. 1552(VI B Coll. 66/1)$b96771 L.M.$cII.4.$d00166633 951 $aII.4. 1552a(VI B Coll. 66/1 Bis)$b96772 L.M.$cII.4.$d00166634 959 $aBK 969 $aUMA 979 $aPATTY$b90$c20011123$lUSA01$h1751 979 $c20020403$lUSA01$h1724 979 $aPATRY$b90$c20040406$lUSA01$h1653 979 $aCOPAT6$b90$c20050920$lUSA01$h0946 979 $aANNAMARIA$b90$c20080808$lUSA01$h1036 979 $aANNAMARIA$b90$c20081125$lUSA01$h1627 996 $aDidattica e computer$9964197 997 $aUNISA LEADER 00990nam a2200289 i 4500 001 991001069609707536 005 20020507182638.0 008 961104s1969 de ||| | eng 035 $ab10796678-39ule_inst 035 $aLE01306559$9ExL 040 $aDip.to Matematica$beng 082 0 $a515.243 084 $aAMS 40-01 084 $aAMS 40-XX 100 1 $aPeyerimhoff, Alexander$0535895 245 10$aLectures on summability /$cA. Peyerimhoff 260 $aBerlin :$bSpringer-Verlag,$c1969 300 $a111 p. ;$c24 cm. 490 0 $aLecture notes in mathematics,$x0075-8434 ;$v107 500 $aBibliography: p. 102-108 650 0$aSummability theory 907 $a.b10796678$b23-02-17$c28-06-02 912 $a991001069609707536 945 $aLE013 40-XX PEY11 (1969)$g1$i2013000064796$lle013$o-$pE0.00$q-$rl$s- $t0$u0$v0$w0$x0$y.i10898189$z28-06-02 996 $aLectures on summability$9921617 997 $aUNISALENTO 998 $ale013$b01-01-96$cm$da $e-$feng$gde $h0$i1